00461nam a2200157Ia 4500008004100000040001600041041001200057082001200069100002100081245001900102260003000121300001500151942000700166952011300173999001700286230917s9999||||xx |||||||||||||| ||und|| e52038aMAIN aEnglish aB D938M aDurrani, Tehmina 0aMy feudal lord aNew DelhibSterlingc1991 aii, 365 p. cBK 0010406B_D938M709108605aMAINbMAINd2002-12-13l0oB D938Mp142268r2023-09-17 20:53:59w2023-09-17yBK c69158d69158